[Event "Open <1400, Pro Evolution Echecs- St Lô"]
[Site "?"]
[Date "2013.07.07"]
[Round "1.1"]
[White "Feil, Alexander"]
[Black "Rioult, Justin"]
[Result "1-0"]
[WhiteElo "1398"]
[BlackElo "1280"]
[PlyCount "53"]
[EventDate "2013.07.07"]
[SourceDate "2013.07.07"]

1. e4 c5 2. d4 cxd4 3. c3 dxc3 4. Nxc3 Nc6 5. Bc4 g6 6. Nf3 Bg7 7. Bf4 Nf6 8.
h3 O-O 9. e5 Nh5 10. Bh2 d6 11. exd6 exd6 12. O-O Be6 13. Bb5 d5 14. Re1 d4 15.
Ne2 d3 16. Qxd3 Qxd3 17. Bxd3 Rfd8 18. Be4 Bxb2 19. Rab1 Bf6 20. Rxb7 Bxa2 21.
Bxc6 Rac8 22. Rxa7 Be6 23. Bb7 Rc2 24. Be4 Rb2 25. Rc7 g5 26. Rc2 Rb4 27. Bc6 {
1-0 quelques coups plus tard} 1-0

[Event "Open <1400, Pro Evolution Echecs St Lô"]
[Site "?"]
[Date "2013.07.07"]
[Round "1.2"]
[White "Kerriou, David"]
[Black "Romas, Lionia"]
[Result "0-1"]
[WhiteElo "1390"]
[BlackElo "1269"]
[PlyCount "62"]
[SourceDate "2013.07.07"]

1. d4 Nf6 2. Nf3 d5 3. e3 g6 4. b3 Bg7 5. Bb2 O-O 6. Bd3 Nc6 7. O-O Re8 8. Nbd2
Qd6 9. Ne5 a6 10. f4 e6 11. Ndf3 Re7 12. c4 b6 13. Qc1 Bb7 14. Ba3 Nb4 15. c5
bxc5 16. dxc5 Nxd3 17. cxd6 Nxc1 18. dxe7 Ne2+ 19. Kf2 Nc3 20. Ng5 Nfe4+ 21.
Nxe4 Nxe4+ 22. Kg1 f6 23. Nd7 Bc6 24. Nc5 f5 25. Nxe4 Bxa1 26. Rxa1 dxe4 27.
Rc1 Bb5 28. Rd1 Bd3 29. Rc1 Rc8 30. Rc6 Kf7 31. Rxa6 Bxa6 0-1

[Event "Open <1400, Pro Evolution Echecs St Lô"]
[Site "?"]
[Date "2013.07.07"]
[Round "1.3"]
[White "Refahi, Youssef"]
[Black "Cotte, Corentin"]
[Result "0-1"]
[WhiteElo "1250"]
[BlackElo "1380"]
[PlyCount "54"]
[SourceDate "2013.07.07"]

1. e4 e5 2. Nf3 Nc6 3. Bb5 d6 4. Nc3 Bg4 5. d4 a6 6. Bxc6+ bxc6 7. d5 Qd7 8.
Qd3 Nf6 9. Bg5 Be7 10. O-O O-O 11. Rfe1 Nh5 12. Bxe7 Qxe7 13. dxc6 Nf4 14. Nd5
Qd8 15. Nxf4 exf4 16. Qd4 Bxf3 17. gxf3 Qg5+ 18. Kh1 Qh5 19. Rg1 Qxf3+ 20. Rg2
g6 21. Rd1 Rfe8 22. Re1 Re5 23. Kg1 Rae8 24. Rd1 Rxe4 25. Qc3 Qxc3 26. bxc3
Re1+ 27. Rxe1 Rxe1# 0-1

[Event "Open <1400, Pro Evolution Echecs St Lô"]
[Site "?"]
[Date "2013.07.07"]
[Round "1.4"]
[White "Lefebvre, Matthieu"]
[Black "Thibon, Clément"]
[Result "1-0"]
[WhiteElo "1380"]
[BlackElo "1250"]
[PlyCount "39"]
[SourceDate "2013.07.07"]

1. e4 e5 2. f4 Nc6 3. Nf3 Nf6 4. Nc3 Bb4 5. Bb5 d6 6. d3 O-O 7. O-O Bg4 8. h3
Bh5 9. g4 Bg6 10. f5 Bxf5 11. gxf5 Bc5+ 12. Kh1 Nh5 13. Kh2 Nf6 14. Bg5 Qe7 15.
Nd5 Qd8 16. Nxf6+ gxf6 17. Bh6 Re8 18. Rg1+ Bxg1+ 19. Qxg1+ Kh8 20. Qg7# 1-0

[Event "Open <1400, Pro Evolution Echecs St Lô"]
[Site "?"]
[Date "2013.07.07"]
[Round "1.5"]
[White "Estadieu, Clotilde"]
[Black "Lemiere, Charlotte"]
[Result "0-1"]
[WhiteElo "1240"]
[BlackElo "1380"]
[PlyCount "150"]
[SourceDate "2013.07.07"]

1. e4 e5 2. Nf3 Nc6 3. Bc4 Nf6 4. Ng5 d5 5. exd5 Nxd5 6. d3 Be7 7. Nf3 Nf6 8.
O-O O-O 9. Bg5 Nd7 10. Be3 a6 11. Qd2 Re8 12. Bh6 g6 13. Ng5 Bxg5 14. Bxg5 Nf6
15. Nc3 Be6 16. b3 Bxc4 17. bxc4 Qd6 18. Ne2 Nd4 19. Ng3 b5 20. cxb5 axb5 21.
Bh6 e4 22. dxe4 Nxe4 23. Nxe4 Rxe4 24. Qg5 Ne2+ 25. Kh1 Qf4 26. Qxf4 Nxf4 27.
Rad1 f6 28. Rd7 c6 29. Rg7+ Kf8 30. Rxh7+ Kg8 31. Rg7+ Kh8 32. Rf7 Rae8 33. h3
f5 34. Rd1 Kg8 35. Rdd7 Re1+ 36. Kh2 Nh5 37. g4 fxg4 38. hxg4 R8e6 39. gxh5
gxh5 40. Rg7+ Kf8 41. Rd8+ Re8 42. Rg6+ Ke7 43. Rdd6 c5 44. Rd5 Rc8 45. Bg5+
Kf7 46. Rgd6 Re2 47. Rf6+ Kg7 48. Rd7+ Kg8 49. Rg6+ Kf8 50. Bd8 Rxf2+ 51. Kg3
Rf7 52. Be7+ Rxe7 53. Rxe7 Kxe7 54. Rg7+ Kf6 55. Ra7 Rg8+ 56. Kf4 Rg4+ 57. Kf3
Rh4 58. Ra5 Rb4 59. c3 Rb2 60. Ke4 h4 61. Kd5 h3 62. Kxc5 h2 63. c4 h1=Q 64.
cxb5 Qh5+ 65. Kc4 Qg4+ 66. Kc3 Qb4+ 67. Kd3 Qxa5 68. Kd4 Qxb5 69. Ke4 Rb4+ 70.
Ke3 Qc5+ 71. Kd3 Qd5+ 72. Kc3 Rh4 73. a4 Qf3+ 74. Kd2 Rh2+ 75. Ke1 Qh1# 0-1

[Event "Open <1400, Pro Evolution Echecs St Lô"]
[Site "?"]
[Date "2013.07.08"]
[Round "2.1"]
[White "Delin, Aristide"]
[Black "Feil, Alexander"]
[Result "0-1"]
[WhiteElo "1290"]
[BlackElo "1398"]
[PlyCount "146"]
[SourceDate "2013.07.07"]

1. d4 d5 2. c4 dxc4 3. e3 Nf6 4. Bxc4 Bf5 5. Nc3 Nc6 6. Nf3 e6 7. O-O Bb4 8.
Bd2 a6 9. Re1 Qd7 10. Bb3 b5 11. Bc2 h6 12. e4 Bg6 13. e5 Nh7 14. Bxg6 fxg6 15.
d5 Na5 16. a3 Be7 17. Bf4 O-O 18. Bg3 Rad8 19. Bh4 g5 20. Bg3 exd5 21. e6 Qc6
22. Nd4 Qb7 23. Rc1 c5 24. Nf3 c4 25. Rc2 Nb3 26. Ne5 d4 27. Ne4 d3 28. Ng6
dxc2 29. Qxc2 Nd4 30. Qb1 Rfe8 31. Kh1 Nf6 32. Nxe7+ Rxe7 33. Bd6 Nxe4 34. Bxe7
Nxf2+ 35. Kg1 Nh3+ 36. gxh3 Qxe7 37. Qe4 Kh8 38. Kh1 Rd6 39. Qa8+ Kh7 40. Qe4+
g6 41. Rd1 Nxe6 42. Rxd6 Qxd6 43. Qb7+ Ng7 44. Qg2 Qd1+ 45. Qg1 Qxg1+ 46. Kxg1
Nf5 47. Kf2 Kg7 48. Kf3 Kf6 49. Ke4 Ke6 50. Kf3 Kd5 51. Ke2 Kd4 52. Kd2 h5 53.
Ke2 Ne3 54. Kd2 Nf1+ 55. Ke2 Nxh2 56. Kf2 Ke4 57. Kg2 Nf3 58. Kf2 Nd4 59. Ke1
Nb3 60. Kd1 Nc5 61. Kc2 a5 62. Kc3 Ke3 63. Kc2 g4 64. h4 g3 65. Kd1 g2 66. b4
g1=Q+ 67. Kc2 Qf2+ 68. Kb1 Qe1+ 69. Kc2 Qd2+ 70. Kb1 Qd1+ 71. Kb2 Na4+ 72. Ka2
Qb3+ 73. Ka1 Qb2# 0-1

[Event "Open <1400, Pro Evolution Echecs St Lô"]
[Site "?"]
[Date "2013.07.08"]
[Round "2.2"]
[White "Cotte, Corentin"]
[Black "Clipcea, Caius"]
[Result "0-1"]
[WhiteElo "1380"]
[BlackElo "1289"]
[PlyCount "63"]
[SourceDate "2013.07.07"]

1. d4 Nf6 2. Nf3 d6 3. Bf4 Nbd7 4. Nc3 g6 5. e3 Bg7 6. Bc4 O-O 7. O-O Nb6 8.
Bb3 Bf5 9. Nh4 Bd7 10. Qf3 c6 11. Qg3 Nh5 12. Qg5 Nxf4 13. exf4 Bf6 14. Qg3 e5
15. dxe5 Bxh4 16. Qd3 d5 17. Ne2 Be6 18. Nd4 c5 19. Nxe6 fxe6 20. Qh3 c4 21.
Bxc4 dxc4 22. Qxe6+ Kg7 23. Rad1 Qe8 24. Qg4 Be7 25. f5 Rxf5 26. Qd4 Rd8 27.
Qe4 Rxd1 28. Rxd1 Qc6 29. Qd4 Bc5 30. Qc3 Bxf2+ 31. Kh1 Nd5 32. Qd2 0-1

[Event "Open <1400, Pro Evolution Echecs St Lô"]
[Site "?"]
[Date "2013.07.08"]
[Round "2.4"]
[White "Prod'homme, Thomas"]
[Black "Lefebvre, Matthieu"]
[Result "1/2-1/2"]
[WhiteElo "1290"]
[BlackElo "1380"]
[PlyCount "66"]
[SourceDate "2013.07.07"]

1. e4 c5 2. Bc4 Nc6 3. c3 e6 4. d4 cxd4 5. cxd4 d5 6. exd5 exd5 7. Bb5 Bf5 8.
Nc3 Nf6 9. Nf3 Bb4 10. O-O O-O 11. Bg5 Qd6 12. Re1 h6 13. Bh4 Bg4 14. Qd3 a6
15. Ba4 Bxf3 16. Qxf3 Nxd4 17. Qd3 Bxc3 18. Qxc3 Nf5 19. Bxf6 Qxf6 20. Qxf6
gxf6 21. Rad1 Rad8 22. g4 Nh4 23. Re7 Nf3+ 24. Kg2 Ne5 25. f3 Nc4 26. b3 Nb2
27. Rd4 Nxa4 28. Rxa4 Rb8 29. Rd4 Rfd8 30. h4 Kg7 31. Kg3 a5 32. Kf4 b6 33. Kf5
Rd6 1/2-1/2

[Event "Open <1400, Pro Evolution Echecs St Lô"]
[Site "?"]
[Date "2013.07.08"]
[Round "2.4"]
[White "Lemiere, Charlotte"]
[Black "Marechal-Dinelli, Jean-Baptiste"]
[Result "0-1"]
[WhiteElo "1380"]
[BlackElo "1280"]
[PlyCount "136"]
[SourceDate "2013.07.07"]

1. e4 d5 2. Nc3 Nf6 3. f3 d4 4. Nce2 e5 5. d3 c5 6. Bg5 Be7 7. Bxf6 Bxf6 8. g3
O-O 9. h4 Nc6 10. Bh3 Bxh3 11. Rxh3 Qa5+ 12. Qd2 Qxd2+ 13. Kxd2 Bd8 14. Rd1 Ne7
15. Kc1 f5 16. exf5 Nxf5 17. f4 Ne3 18. Rd2 Ba5 19. c3 dxc3 20. Nxc3 b5 21. Re2
Bxc3 22. bxc3 Nd5 23. c4 Nc3 24. Rc2 b4 25. Ne2 Nxe2+ 26. Rxe2 exf4 27. Rf2
fxg3 28. Rxf8+ Rxf8 29. Rxg3 Rf1+ 30. Kb2 a5 31. a3 Rf2+ 32. Kb3 bxa3 33. Kxa3
Rc2 34. Ka4 Ra2+ 35. Kb3 Rd2 36. Kc3 Re2 37. h5 a4 38. Rg1 Rh2 39. Rg5 a3 40.
Rxc5 Kf7 41. Ra5 Kf6 42. c5 Rxh5 43. d4 Ke6 44. Rxa3 Rh3+ 45. Kb4 Rxa3 46. Kxa3
g5 47. Kb4 Kd7 48. d5 g4 49. c6+ Kc7 50. Kc5 g3 51. d6+ Kc8 52. d7+ Kc7 53. Kd5
g2 54. Ke6 g1=Q 55. Ke7 Qg5+ 56. Ke8 Qd8+ 57. Kf7 Kxc6 58. Ke6 Qxd7+ 59. Ke5 h5
60. Kf4 h4 61. Kf3 h3 62. Kf2 h2 63. Kg2 Qd2+ 64. Kh1 Qg5 65. Kxh2 Kd5 66. Kh3
Ke4 67. Kh2 Kf3 68. Kh1 Qg2# 0-1

[Event "Open <1400, Pro Evolution Echecs St Lô"]
[Site "?"]
[Date "2013.07.08"]
[Round "2.5"]
[White "Troubat, Alexandre"]
[Black "Romas, Lionia"]
[Result "0-1"]
[WhiteElo "1343"]
[BlackElo "1269"]
[PlyCount "82"]
[SourceDate "2013.07.07"]

1. e4 e6 2. d4 d5 3. e5 c5 4. Nf3 Nc6 5. c3 Qb6 6. a3 Nh6 7. b4 c4 8. g3 Be7 9.
Bg2 Nf5 10. O-O O-O 11. a4 Re8 12. Na3 Bd7 13. a5 Qc7 14. Nc2 a6 15. Bf4 b6 16.
axb6 Qxb6 17. Qb1 Reb8 18. Na3 a5 19. b5 Qa7 20. Qc2 Nd8 21. Qa4 Bxa3 22. Qxa3
Rxb5 23. Rfb1 Rxb1+ 24. Rxb1 Rb8 25. Rxb8 Qxb8 26. Qxa5 h6 27. Bh3 Qb1+ 28. Kg2
Nb7 29. Bxf5 Qxf5 30. Qa8+ Kh7 31. Qxb7 Ba4 32. Qb2 Qe4 33. Qb7 Bd1 34. Qxf7
Qxf3+ 35. Kg1 Qxc3 36. Qxe6 Qe1+ 37. Kg2 Qe4+ 38. Kh3 Bf3 39. Qb6 Bg2+ 40. Kg4
Bf3+ 41. Kh3 Qf5+ 0-1

[Event "Open <1400, Pro Evolution Echecs St Lô"]
[Site "?"]
[Date "2013.07.08"]
[Round "3.1"]
[White "Feil, Alexander"]
[Black "BeneteauDesmoulieres, Elian"]
[Result "1-0"]
[WhiteElo "1398"]
[BlackElo "1132"]
[PlyCount "25"]
[SourceDate "2013.07.07"]

1. e4 c5 2. d4 cxd4 3. c3 dxc3 4. Nxc3 Nc6 5. Bc4 e6 6. Nf3 Nge7 7. Bf4 g6 8.
O-O Bg7 9. e5 O-O 10. a3 Qc7 11. Re1 f6 12. exf6 Rxf6 13. Bxc7 1-0

[Event "Open <1400, Pro Evolution Echecs St Lô"]
[Site "?"]
[Date "2013.07.08"]
[Round "3.2"]
[White "Costerousse, Gaïane"]
[Black "Aumont, Tom"]
[Result "0-1"]
[WhiteElo "1106"]
[BlackElo "1328"]
[PlyCount "90"]
[SourceDate "2013.07.07"]

1. e4 e6 2. d4 d5 3. e5 c5 4. Nf3 Qb6 5. Nc3 Nc6 6. Be3 cxd4 7. Nxd4 Qxb2 8.
Na4 Qb4+ 9. c3 Qa5 10. Bd3 Nxe5 11. Bc2 Bd7 12. Rb1 Rb8 13. O-O Nf6 14. Bf4 Bd6
15. Re1 Qc7 16. Nf3 Nxf3+ 17. Qxf3 Bxf4 18. g3 Bd6 19. Bd3 Bxa4 20. Bf1 O-O 21.
Bh3 Rfc8 22. Rbc1 Bc6 23. Qe3 Qb6 24. Qg5 h6 25. Qd2 Ne4 26. Qe2 Bb5 27. Qf3
Ng5 28. Qg4 Nxh3+ 29. Qxh3 Qa5 30. Qg2 Rxc3 31. Rb1 Rc2 32. Qf3 Rbc8 33. Qe3
Bc5 34. Qf4 Bxf2+ 35. Kh1 Bxe1 36. Qe5 Bxg3 37. Qxg3 Rc1+ 38. Rxc1 Rxc1+ 39.
Kg2 Bf1+ 40. Kg1 Bh3+ 41. Kf2 Rf1+ 42. Ke3 Qc3+ 43. Ke2 Qxg3 44. Kd2 Rf2+ 45.
Ke1 Qg1# 0-1

[Event "Open <1400, Pro Evolution Echecs St Lô"]
[Site "?"]
[Date "2013.07.08"]
[Round "3.3"]
[White "Juran, Baptiste"]
[Black "Leplongeon, Mathilde"]
[Result "1-0"]
[WhiteElo "1312"]
[BlackElo "1110"]
[PlyCount "69"]
[SourceDate "2013.07.07"]

1. e4 e5 2. Nf3 Nc6 3. Bb5 a6 4. Bxc6 dxc6 5. d4 f6 6. dxe5 Qxd1+ 7. Kxd1 fxe5
8. Nxe5 Nf6 9. f3 Be6 10. Bf4 Bd6 11. Nc3 O-O-O 12. Ke2 h6 13. Bg3 Rhe8 14.
Rhd1 Kb8 15. Nd3 Bc4 16. Kf2 Bxg3+ 17. hxg3 Rf8 18. Ne5 Rxd1 19. Rxd1 Re8 20.
Nxc4 b5 21. Ne3 b4 22. Na4 a5 23. Nc5 Ka7 24. Nc4 Rf8 25. Nd7 Nxd7 26. Rxd7 Rc8
27. Nd6 Kb6 28. Nxc8+ Kc5 29. e5 Kc4 30. e6 Kc5 31. e7 Kb5 32. Na7+ Kb6 33.
e8=Q Kxa7 34. Rxc7+ Kb6 35. Qxc6# 1-0

[Event "Open <1400, Pro Evolution Echecs St Lô"]
[Site "?"]
[Date "2013.07.08"]
[Round "3.4"]
[White "Clipcea, Caius"]
[Black "Talbioui, Naël"]
[Result "1-0"]
[WhiteElo "1298"]
[BlackElo "1099"]
[PlyCount "59"]
[SourceDate "2013.07.07"]

1. d4 d5 2. c4 c6 3. Nf3 Nf6 4. Nc3 Bg4 5. e3 e6 6. h3 Bxf3 7. Qxf3 Bb4 8. Bd3
O-O 9. O-O c5 10. dxc5 Nc6 11. Na4 Ne5 12. Qe2 a6 13. a3 Nxd3 14. Qxd3 b5 15.
cxb5 axb5 16. Nb6 Rb8 17. axb4 Ne4 18. Ra7 Nd6 19. Rd7 Qe8 20. Rxd6 Rd8 21.
Rxd8 Qxd8 22. Qxb5 f5 23. Qd7 Qxd7 24. Nxd7 Rd8 25. c6 Kf7 26. b5 Ke7 27. b6
Rxd7 28. b7 Rd8 29. c7 Rc8 30. bxc8=Q 1-0

[Event "Open <1400, Pro Evolution Echecs St Lô"]
[Site "?"]
[Date "2013.07.08"]
[Round "3.5"]
[White "Marechal-Dinelli, Jean-Baptiste"]
[Black "Guerlach, Elie"]
[Result "1-0"]
[WhiteElo "1280"]
[BlackElo "1040"]
[PlyCount "121"]
[SourceDate "2013.07.07"]

1. e4 e5 2. Nf3 Nc6 3. Bc4 h6 4. d4 Nf6 5. Nc3 exd4 6. Nxd4 Bc5 7. Nxc6 bxc6 8.
e5 Ng8 9. Qf3 Qe7 10. O-O d6 11. exd6 cxd6 12. Bxh6 Rxh6 13. Rfe1 Be6 14. Ne2
Qc7 15. Ng3 d5 16. Bxd5 cxd5 17. Qxd5 Kf8 18. Qxa8+ Qc8 19. Qxc8+ Bxc8 20. Re2
Bd6 21. Rae1 Bd7 22. Nf5 Bxh2+ 23. Kf1 Rh5 24. g4 Rh7 25. f3 Bc7 26. g5 g6 27.
Ne7 Bd6 28. Nxg8 Kxg8 29. Rd2 Rh1+ 30. Kf2 Rh2+ 31. Ke3 Rxd2 32. Kxd2 Bf4+ 33.
Kd3 Bxg5 34. Re5 Bc1 35. Kc3 Bf4 36. Re7 Be6 37. Rxa7 Be5+ 38. Kd3 Bxb2 39. c4
Kf8 40. c5 Ke8 41. c6 Kd8 42. a4 Kc8 43. a5 Kb8 44. Re7 Ba2 45. a6 Ba3 46. Rb7+
Ka8 47. c7 Be6 48. Rb8+ Ka7 49. c8=Q Bxc8 50. Rxc8 Kxa6 51. Rc7 f6 52. Rc6+ Kb7
53. Rxf6 g5 54. Rg6 Bc1 55. Ke4 Kc7 56. Kf5 Kd7 57. Rh6 g4 58. Rh1 Ba3 59. fxg4
Ke8 60. Kf6 Kf8 61. Rh8# 1-0

[Event "Open <1400, Pro Evolution Echecs St Lô"]
[Site "?"]
[Date "2013.07.09"]
[Round "4.1"]
[White "Romas, Lionia"]
[Black "Feil, Alexander"]
[Result "0-1"]
[WhiteElo "1269"]
[BlackElo "1398"]
[PlyCount "56"]
[SourceDate "2013.07.07"]

1. e4 d5 2. exd5 c6 3. dxc6 Nxc6 4. Nf3 e5 5. Bc4 Bc5 6. b4 Bxb4 7. c3 Ba5 8.
Qb3 Qe7 9. Bxf7+ Qxf7 10. Qxf7+ Kxf7 11. Ng5+ Kg6 12. h4 Nf6 13. O-O h6 14. Nf3
Re8 15. d4 e4 16. Ne1 Bg4 17. Nc2 Rad8 18. Bd2 a6 19. Nba3 b5 20. Ne3 Nxd4 21.
Rab1 Ne2+ 22. Kh1 Rxd2 23. c4 Nc3 24. Rbc1 Rdd8 25. Rfe1 Nxa2 26. Rb1 Bxe1 27.
Rxe1 bxc4 28. Naxc4 Nb4 0-1

[Event "Open <1400, Pro Evolution Echecs St Lô"]
[Site "?"]
[Date "2013.07.09"]
[Round "4.2"]
[White "Aumont, Tom"]
[Black "Safonau, Yauheni"]
[Result "1-0"]
[WhiteElo "1328"]
[BlackElo "1009"]
[PlyCount "75"]
[SourceDate "2013.07.07"]

1. d4 d5 2. c4 Nf6 3. cxd5 Nxd5 4. e4 Nf6 5. Nc3 Nc6 6. Nf3 Bg4 7. Bb5 a6 8.
Bxc6+ bxc6 9. Be3 e6 10. a3 Be7 11. O-O O-O 12. Rc1 Qe8 13. h3 Bh5 14. Bf4 Qc8
15. Re1 Rd8 16. Na4 Qb7 17. Qd2 Rd7 18. Qc3 c5 19. g4 Bg6 20. Nxc5 Bxc5 21.
dxc5 Qc6 22. Ne5 Qa4 23. Nxd7 Qxd7 24. Rcd1 Qc6 25. f3 Nd7 26. Qd3 Qxc5+ 27.
Be3 Qc6 28. Qxd7 Qxd7 29. Rxd7 Rc8 30. Red1 f6 31. Rd8+ Rxd8 32. Rxd8+ Kf7 33.
Rd7+ Kf8 34. Rxc7 Be8 35. Bc5+ Kg8 36. Re7 Bf7 37. Ra7 e5 38. Ra8+ 1-0

[Event "Open <1400, Pro Evolution Echecs St Lô"]
[Site "?"]
[Date "2013.07.09"]
[Round "4.3"]
[White "Yazhova, Maryia"]
[Black "Juran, Baptiste"]
[Result "0-1"]
[WhiteElo "1009"]
[BlackElo "1312"]
[PlyCount "92"]
[SourceDate "2013.07.07"]

1. b3 e5 2. Bb2 Nc6 3. c4 Bc5 4. e3 Nf6 5. Be2 d5 6. d4 Bb4+ 7. Nd2 e4 8. f3
O-O 9. a3 exf3 10. Ngxf3 Bxd2+ 11. Qxd2 Re8 12. O-O Ng4 13. cxd5 Qxd5 14. Bc4
Qd6 15. Rae1 Bf5 16. Qc3 Qh6 17. d5 Nce5 18. h3 Nxc4 19. bxc4 Nxe3 20. Bc1 Nxd5
21. cxd5 Qb6+ 22. Kh1 Be4 23. Bb2 f6 24. Ng5 Bxd5 25. Nf3 Bxf3 26. Rxe8+ Rxe8
27. Rxf3 Re6 28. Qd4 Qxd4 29. Bxd4 b6 30. a4 c5 31. Bc3 Re4 32. Rd3 Rxa4 33.
Rd8+ Kf7 34. Rd7+ Kg6 35. Rd3 Ra3 36. Rg3+ Kf7 37. Rd3 b5 38. Rf3 b4 39. Bb2
Rxf3 40. gxf3 Ke6 41. Bc1 Kd5 42. Kg1 c4 43. Kf1 a5 44. Bd2 c3 45. Bc1 Kc4 46.
Ke1 Kb3 0-1

[Event "Open <1400, Pro Evolution Echecs St Lô"]
[Site "?"]
[Date "2013.07.09"]
[Round "4.4"]
[White "Zahir, Victor"]
[Black "Clipcea, Caius"]
[Result "0-1"]
[WhiteElo "1009"]
[BlackElo "1289"]
[PlyCount "128"]
[SourceDate "2013.07.07"]

1. d4 Nf6 2. Bg5 e6 3. Bxf6 Qxf6 4. e3 c5 5. dxc5 Qxb2 6. Qd4 Qc1+ 7. Qd1 Qxd1+
8. Kxd1 Bxc5 9. Nf3 Nc6 10. Nc3 a6 11. Ne4 Be7 12. g3 d5 13. Nc3 Bf6 14. Nd4
Nxd4 15. exd4 Bxd4 16. Kd2 b5 17. Rb1 Bb7 18. Ne2 Bf6 19. f4 Rc8 20. a4 Bc6 21.
axb5 Bxb5 22. Rg1 O-O 23. Rg2 Rc7 24. c3 Bxe2 25. Bxe2 Bxc3+ 26. Kd3 a5 27. Rc1
Rfc8 28. Rgg1 Bb4 29. Rb1 Rc3+ 30. Kd4 Rc2 31. Rg2 Rc1 32. Bd3 Rxb1 33. Bxb1 a4
34. Rb2 Bf8 35. Bd3 a3 36. Ra2 g6 37. Ba6 Ra8 38. Bb7 Ra5 39. h4 Bg7+ 40. Ke3
Bb2 41. Kf3 Kf8 42. Kg4 f6 43. Bc8 h5+ 44. Kh3 Ke7 45. g4 hxg4+ 46. Kxg4 d4 47.
f5 Rxf5 48. Kh3 d3 49. Ba6 d2 50. Be2 Rc5 51. Bd1 Rc1 52. Ba4 d1=Q 53. Bxd1
Rxd1 54. Kg4 Ra1 55. Rxa3 Bxa3 56. h5 gxh5+ 57. Kxh5 Rg1 58. Kh4 f5 59. Kh3 f4
60. Kh2 Rg8 61. Kh1 f3 62. Kh2 f2 63. Kh3 f1=Q+ 64. Kh2 Qg2# 0-1

[Event "Open <1400, Pro Evolution Echecs St Lô"]
[Site "?"]
[Date "2013.07.10"]
[Round "5.1"]
[White "Feil, Alexander"]
[Black "Juran, Baptiste"]
[Result "0-1"]
[WhiteElo "1398"]
[BlackElo "1312"]
[PlyCount "132"]
[SourceDate "2013.07.07"]

1. e4 e6 2. d4 d5 3. exd5 exd5 4. Nf3 Nf6 5. Bd3 Bd6 6. h3 O-O 7. O-O b6 8. Re1
Bb7 9. Nc3 c5 10. Nb5 Nc6 11. Bf1 a6 12. Nxd6 Qxd6 13. c3 c4 14. a3 Rfe8 15.
Bg5 h6 16. Bh4 Rxe1 17. Qxe1 Re8 18. Qd2 Ne4 19. Qc2 g5 20. Bg3 Nxg3 21. fxg3
Qxg3 22. Qf5 Qd6 23. Re1 Rxe1 24. Nxe1 Qe6 25. Qf2 b5 26. Nf3 a5 27. Nh2 b4 28.
a4 bxc3 29. bxc3 Ne7 30. Ng4 Bc6 31. Qc2 Kg7 32. Ne5 f6 33. Nxc6 Qxc6 34. Kh1
Qe6 35. Qf2 Nf5 36. Be2 Kg6 37. Bg4 h5 38. Bf3 h4 39. Kg1 Ng3 40. Bd1 Qf5 41.
Bc2 Ne4 42. Qe1 Kf7 43. Kh2 Qf4+ 44. Kg1 Qd2 45. Qb1 Qxc3 46. Qb7+ Ke6 47. Qc8+
Kf7 48. Qd7+ Kg6 49. Qe8+ Kf5 50. Qd7+ Kf4 51. Qg4+ Ke3 52. Bxe4 Qe1+ 53. Kh2
Qg3+ 54. Qxg3+ hxg3+ 55. Kxg3 Kxe4 56. Kf2 Kxd4 57. Ke2 c3 58. Kd1 Kd3 59. g3
f5 60. h4 c2+ 61. Kc1 f4 62. hxg5 fxg3 63. g6 g2 64. Kb2 g1=Q 65. Ka2 Qb1+ 66.
Ka3 c1=B# 0-1

[Event "Open <1400, Pro Evolution Echecs St Lô"]
[Site "?"]
[Date "2013.07.10"]
[Round "5.2"]
[White "Clipcea, Caius"]
[Black "Aumont, Tom"]
[Result "0-1"]
[WhiteElo "1289"]
[BlackElo "1328"]
[PlyCount "52"]
[SourceDate "2013.07.07"]

1. d4 Nf6 2. c4 g6 3. f3 Bg7 4. e4 d6 5. Nc3 O-O 6. Be3 Nbd7 7. Bd3 e5 8. d5
Nb6 9. c5 Nbd7 10. cxd6 cxd6 11. Nge2 Nb6 12. O-O Ne8 13. Qb3 Nd7 14. Rac1 f5
15. Qd1 Ndf6 16. Ng3 f4 17. Bf2 fxg3 18. Bxg3 Qb6+ 19. Rf2 Bh6 20. Na4 Qd4 21.
Rc4 Qe3 22. Kf1 Qg5 23. f4 exf4 24. Bxf4 Qh4 25. Bg3 Qg5 26. h4 Qxg3 0-1

[Event "Open <1400, Pro Evolution Echecs St Lô"]
[Site "?"]
[Date "2013.07.10"]
[Round "5.3"]
[White "Smulders, Rutger"]
[Black "Prod'homme, Thomas"]
[Result "0-1"]
[WhiteElo "1000"]
[BlackElo "1290"]
[PlyCount "146"]
[SourceDate "2013.07.07"]

1. e4 e5 2. Nf3 Nc6 3. Bc4 Nf6 4. Ng5 d5 5. exd5 Nxd5 6. Nxf7 Kxf7 7. Qf3+ Ke6
8. Nc3 Nce7 9. d3 c6 10. O-O Kd6 11. Bg5 Kc7 12. Bxe7 Bxe7 13. Bxd5 cxd5 14.
Nxd5+ Kb8 15. Nxe7 Qxe7 16. Rfe1 Bd7 17. Qg3 Re8 18. Re2 Kc7 19. Rae1 Rac8 20.
Rxe5 Qd6 21. c4 Rxe5 22. Rxe5 Kb6 23. Re6 Qxe6 24. f3 Qe3+ 25. Kf1 Qxd3+ 26.
Kg1 Rxc4 27. h3 Kc6 28. b3 Rc1+ 29. Kh2 Qd6 30. f4 Rc2 31. Qf3+ Qd5 32. Qg3 Rc1
33. Qxg7 Rc2 34. Qh6+ Be6 35. Qg7 Rxa2 36. b4 Ra3 37. g4 Ra2+ 38. Kg3 Qg2+ 39.
Kh4 Qf2+ 40. Kg5 a5 41. f5 Bxf5 42. Qf6+ Kc7 43. gxf5 axb4 44. Qe7+ Kc6 45.
Qxb4 Qg3+ 46. Kf6 Qxh3 47. Qc4+ Kb6 48. Qxa2 Qh6+ 49. Ke5 Qg7+ 50. f6 Qc7+ 51.
Ke6 Qc6+ 52. Kf7 h5 53. Kg7 h4 54. f7 Qd7 55. Kf6 Qd8+ 56. Kg7 Qc7 57. Kg8 Qg3+
58. Kf8 Kc7 59. Qc4+ Kd7 60. Qd5+ Kc7 61. Ke7 Qe3+ 62. Qe6 Qg5+ 63. Qf6 Qc5+
64. Ke8 Qb5+ 65. Kf8 h3 66. Qc3+ Qc6 67. Qxh3 Kd8 68. Qh4+ Kd7 69. Qe7+ Kc8 70.
Qd8+ Kxd8 71. Kg8 Qg6+ 72. Kf8 Qxf7+ 73. Kxf7 b5 0-1

[Event "Open <1400, Pro Evolution Echecs St Lô"]
[Site "?"]
[Date "2013.07.10"]
[Round "5.4"]
[White "Lefebvre, Matthieu"]
[Black "Lemarchand, Arthur"]
[Result "1-0"]
[WhiteElo "1380"]
[BlackElo "1200"]
[PlyCount "107"]
[SourceDate "2013.07.07"]

1. e4 e5 2. f4 f5 3. exf5 d6 4. Qh5+ g6 5. fxg6 Nf6 6. g7+ Nxh5 7. gxh8=Q Bf5
8. Qg8 Bxc2 9. Qe6+ Qe7 10. Qxe7+ Bxe7 11. fxe5 dxe5 12. Nc3 Nc6 13. Nd5 Bd6
14. Be2 Nf4 15. Nxf4 exf4 16. Bh5+ Kf8 17. Nf3 Be7 18. O-O Bd3 19. Re1 Bc5+ 20.
Kh1 Bf2 21. Re6 Nb4 22. Rf6+ Kg7 23. Rxf4 Nc2 24. Ne5 Ne1 25. Rxf2 Kh6 26. Nxd3
Nxd3 27. Rf5 Rg8 28. Bf7 Rf8 29. Be6 Re8 30. h3 Rxe6 31. Rf3 Ne1 32. d4+ Kh5
33. Rf5+ Kg6 34. Re5 Rxe5 35. dxe5 Kf7 36. Bg5 Nc2 37. Rc1 Nb4 38. Rxc7+ Ke6
39. Rxb7 Nxa2 40. Re7+ Kf5 41. e6 h6 42. Rxa7 Kxe6 43. Rxa2 hxg5 44. Ra5 Kd6
45. Rxg5 Kc6 46. h4 Kd6 47. h5 Ke6 48. h6 Kf6 49. Rg3 Kf7 50. h7 Ke7 51. h8=Q
Kf7 52. Qh6 Ke7 53. Rg7+ Kf8 54. Qh8# 1-0

[Event "Open <1400, Pro Evolution Echecs St Lô"]
[Site "?"]
[Date "2013.07.10"]
[Round "5.5"]
[White "Alliot, Mathieu"]
[Black "Troubat, Alexandre"]
[Result "0-1"]
[WhiteElo "1180"]
[BlackElo "1343"]
[PlyCount "98"]
[SourceDate "2013.07.07"]

1. d4 Nf6 2. Bg5 g6 3. Nf3 Bg7 4. e3 c5 5. c3 cxd4 6. cxd4 O-O 7. Nc3 d6 8. g3
Bg4 9. Be2 Nbd7 10. O-O Qa5 11. Bb5 Rad8 12. Bxf6 Nxf6 13. Qb3 Bxf3 14. Be2 Bc6
15. d5 Nxd5 16. Nxd5 Bxd5 17. Bc4 Bf3 18. Rfc1 Qb6 19. Rab1 Qxb3 20. Bxb3 Be4
21. Bc2 Bxc2 22. Rxc2 Rc8 23. Rxc8 Rxc8 24. a3 Rc2 25. b3 Bb2 26. a4 Rc1+ 27.
Rxc1 Bxc1 28. h4 Bd2 29. Kf1 Kg7 30. Ke2 Bb4 31. Kf3 Kf6 32. g4 h6 33. Kf4 Be1
34. g5+ hxg5+ 35. hxg5+ Ke6 36. f3 d5 37. e4 Bd2+ 38. Kg3 dxe4 39. fxe4 Bxg5
40. b4 Ke5 41. Kf3 Bd2 42. b5 Ba5 43. Ke3 g5 44. Kf3 g4+ 45. Kxg4 Kxe4 46. Kg5
f5 47. Kg6 f4 48. Kf7 e5 49. Kf6 f3 0-1

[Event "Open <1400, Pro Evolution Echecs St Lô"]
[Site "?"]
[Date "2013.07.11"]
[Round "6.1"]
[White "Juran, Baptiste"]
[Black "Aumont, Tom"]
[Result "1/2-1/2"]
[WhiteElo "1312"]
[BlackElo "1328"]
[PlyCount "68"]
[SourceDate "2013.07.07"]

1. e4 e6 2. d4 d5 3. exd5 exd5 4. Nf3 c6 5. Bd3 Nf6 6. O-O Be7 7. Re1 O-O 8. c3
Bg4 9. h3 Bh5 10. Bf4 Nbd7 11. Nbd2 Bg6 12. Bxg6 hxg6 13. Qc2 Re8 14. Re3 Bf8
15. Rae1 Re7 16. Bg5 Rxe3 17. fxe3 Be7 18. e4 Nxe4 19. Bxe7 Qxe7 20. Nxe4 dxe4
21. Qxe4 Qxe4 22. Rxe4 Kf8 23. Kf2 Re8 24. Ke3 Rxe4+ 25. Kxe4 Ke7 26. g4 Kf6
27. h4 Ke6 28. b3 Nf6+ 29. Kd3 Nxg4 30. Ng5+ Ke7 31. c4 f5 32. b4 Nf2+ 33. Ke2
Ng4 34. Kf3 Kd6 1/2-1/2